000 01011nam a2200361 a 4500
003 AR-BaBNM
005 20251128205130.0
008 082120s2002 ||||||||||||||000 | spa||
020 _a84-7112-360-6
040 _cAR-BaBNM
100 1 _aBazalgette, Cary
245 0 0 _aLos medios audiovisuales en la educación primaria
250 _a1ª ed.
260 _aMadrid
_bEdiciones Morata
_bMinisterio de Educación y Ciencia
_c1989
300 _a150 p.
_bil.
490 0 _aEducación infantil y primaria
_vV. 22
650 4 _aMEDIOS AUDIOVISUALES
650 4 _aMEDIOS DE COMUNICACION
650 4 _aOBJETIVOS EDUCACIONALES
650 4 _aCREATIVIDAD
650 4 _aFOTOGRAFIA
650 4 _aPERIODICOS
650 4 _aRECURSOS EDUCACIONALES
650 4 _aEDUCACION PERMANENTE
650 4 _aENSEÑANZA AUDIOVISUAL
650 4 _aCURRICULO
651 4 _aEspaña
653 _aEDUCACION PRIMARIA
653 _aMULTIMEDIA
700 1 _aManzano, Pablo
_etraductor
942 _cBK
998 _ccARMEN
999 _c10122
_d10122